| 000 | 00781nam a2200205 a 4500 | ||
|---|---|---|---|
| 008 | 110906s1976 ||||||||||||||||| || u | ||
| 020 | _a0023280506 | ||
| 050 | _aRC 76 Deg | ||
| 100 | _aDeGowin, Richard L | ||
| 245 | 1 | 0 |
_aBedside diagnostic examination. (3rd ed.) _cby Elmer L. DeGowin and Richard L. DeGowin |
| 250 | _a3rd ed. | ||
| 260 |
_aNew York: _bMacmillan _c1976 |
||
| 300 | _aviii, 952p.: ill. | ||
| 350 | _a0.00 | ||
| 650 | _aDIAGNOSIS | ||
| 650 | _aPHYSICAL DIAGNOSIS--EXAMINATION--HANDBOOKS, MANUALS, ETC | ||
| 650 | 0 | _aPHYSICAL DIAGNOSIS | |
| 700 | _aDeGowin, Elmer L | ||
| 995 |
_aMEDICAL LIBRARY OPEN ACCESS _D0.00 _e901009 _FCBU-SCHOOL OF MEDICINE LIBRARY (Ndola) _H1 _I0.00 _jRC 76 Deg _M1 _UAVAILABLE _WOct 31, 2011 _y901009 _ZMedical Library Open Access Collection |
||
| 999 |
_c30844 _d30844 |
||